Kobe Bryant Quiz - Statistics

General Stats
  • This quiz has been taken 79 times
  • The average score is 5 of 8
Answer Stats
Hint Answer % Correct
MVP's 1
94%
Team Lakers
92%
Number (later career) 24
87%
Number (early career) 8
85%
Name (including middle) Kobe Bean Bryant
77%
Legend? Yes
40%
Rest in peace? Yes
40%
Better than lebron? No
30%
No matching quizzes found
Score Distribution
Percent of People with Each Score
Percentile by Number Answered
Your Score History
You have not taken this quiz